000 00793nam a2200253Ia 4500
003 OSt
005 20221002044807.0
006 a|||||r|||| 00| 0
007 ta
008 220930b |||||||| |||| 00| 0 per d
020 _a9646715567 (pbk)
024 _a23043
037 _bGift, 04/11/2015,
_cReference Collections
040 _aCRL
_cCRL
_bper
041 _2per
_aper
082 _aP111:4k, 164P0
100 _aKashani Manoochehr Aryanpur
_9569683
245 0 _aFarhang-e-hamrah paishar wa aryan pur
_b English Persian Dictionary
260 _aTehran
_bAmir Kabir Iran
_c2000
300 _a976p.
_ccm.
650 _aLINGUISTICS
942 _hP111:4k, 164P0
_cref
_2CC
999 _c911138
_d911138